Učitavanje...
A short course on spectral theory /
| Glavni autor: | |
|---|---|
| Format: | Printed Book |
| Jezik: | English |
| Izdano: |
New York :
Springer,
c2002.
|
| Teme: | |
| Online pristup: | Table of contents only Publisher description |
| LEADER | 01170cam a22002534a 4500 | ||
|---|---|---|---|
| 008 | 010503s2002 nyu b 001 0 eng | ||
| 010 | |a 2001032836 | ||
| 020 | |a 0387953000 (alk. paper) | ||
| 042 | |a pcc | ||
| 082 | 0 | 0 | |a 515/.7222 |2 21 |
| 084 | |2 msc |a 47-01 | ||
| 100 | 1 | |a Arveson, William. | |
| 245 | 1 | 2 | |a A short course on spectral theory / |c William Arveson. |
| 260 | |a New York : |b Springer, |c c2002. | ||
| 300 | |a x, 135 p. ; |c 24 cm. | ||
| 504 | |a Includes bibliographical references (p. 131) and index. | ||
| 650 | 0 | |a Spectral theory (Mathematics) | |
| 856 | 4 | 1 | |3 Table of contents only |u http://www.loc.gov/catdir/enhancements/fy0816/2001032836-t.html |
| 856 | 4 | 2 | |3 Publisher description |u http://www.loc.gov/catdir/enhancements/fy0816/2001032836-d.html |
| 906 | |a 7 |b cbc |c orignew |d 1 |e ocip |f 20 |g y-gencatlg | ||
| 942 | |c BK | ||
| 955 | |a to ASCD pc17 05-03-01; jp25 05-03-01 to subj.; jp99 to SL 05-07-01; jp05; to Dewey 05-07-01; aa07 05-07-01 |a ps05 2001-11-27 bk rec'd, to CIP ver. |a jp10 to BCCD 01-28-2002 | ||
| 999 | |c 135841 |d 135841 | ||
| 952 | |0 0 |1 0 |4 0 |6 47_000000000000000_ARV |7 0 |9 150380 |a MAT |b MAT |c ST1 |d 2015-03-13 |i 6516 |l 0 |o 47 ARV |p MAT6516 |r 2015-03-13 |w 2015-03-13 |y BK | ||